000 00532 a2200169 4500
999 _c301364
_d301364
001 66291
003 NUST
005 20180119121440.0
008 180119b xxu||||| |||| 00| 0 eng d
082 _a515.35 BOY
100 _aBoycee
_99075
245 _aElementary differential equations and boundary value problems, 5/e
250 _a5
260 _aN Y
_bJohn Wiely & Sons
_c1992
300 _blogin and password slip is pasted on the book
500 _awith instructions for online access is pasted inside the book
520 _aboundary value problems
740 _aboundary value problems
942 _aNUST-CAE
_cBK
_k515.35 BOY
_2ddc